El pecado del mundo / (Record no. 149860)

MARC details
000 -LEADER
campo de control de longitud fija 00613nam a2200205 i 4500
001 - NÚMERO DE CONTROL
campo de control 149860
003 - IDENTIFICADOR DE NÚMERO DE CONTROL
campo de control ES-MaACL
005 - FECHA Y HORA DE LA ÚLTIMA TRANSACCIÓN
campo de control 20230906203304.0
007 - CAMPO FIJO DE DESCRIPCIÓN FÍSICA--INFORMACIÓN GENERAL
campo de control de longitud fija t|
008 - DATOS DE LONGITUD FIJA--INFORMACIÓN GENERAL
campo de control de longitud fija 071024s1958 sp ||||1| spa d
100 1# - ENTRADA PRINCIPAL--NOMBRE DE PERSONA
Nombre de persona Van der Meersch, Maxence.
9 (RLIN) 113032
245 13 - MENCIÓN DEL TÍTULO
Título El pecado del mundo /
Mención de responsabilidad, etc. por Maxence Van der Meersch ; [versión castellana de Pedro Pelucena Camacho].
260 ## - PUBLICACIÓN, DISTRIBUCIÓN, ETC.
Lugar de publicación, distribución, etc. Barcelona :
Nombre del editor, distribuidor, etc. G. P.,
Fecha de publicación, distribución, etc. [1958]
300 ## - DESCRIPCIÓN FÍSICA
Extensión 188 p. ;
Dimensiones 18 cm.
490 1# - MENCIÓN DE SERIE
Mención de serie Plaza
700 1# - ENTRADA AGREGADA--NOMBRE PERSONAL
Nombre de persona Pelucena Camacho, Pedro.
9 (RLIN) 90127
830 0# - PUNTO DE ACCESO ADICIONAL DE SERIE-TÍTULO UNIFORME
Título uniforme Plaza
9 (RLIN) 181244
852 ## - LOCALIZACIÓN
Ubicación ES-MaACL
Número de control de estantería C-14526
Sublocalización o colección R.42145
Holdings
Estatus retirado Estado de pérdida Estado de daño No para préstamo Biblioteca de origen Biblioteca actual Ubicación en estantería Fecha de adquisición Fuente de adquisición Total de préstamos Signatura topográfica completa Código de barras Visto por última vez Precio de reemplazo Tipo de ítem Koha
        Biblioteca del Ateneo de Madrid Biblioteca del Ateneo de Madrid Ficheros 17/01/2008     C-14526 1156380 23/02/2023 23/02/2023 Libro impreso